| 000 | 00710nam a2200229 a 4500 | ||
|---|---|---|---|
| 005 | 20240228063849.0 | ||
| 008 | 031027s2001 mx r 000 0 spa d | ||
| 020 | _a8495040484 | ||
| 035 | _aUPN01000130428 | ||
| 049 | _aI | ||
| 050 | 4 |
_aND160 _bN6.8 2001 |
|
| 100 | 1 | _aNortheast, Brenda V. | |
| 245 | 1 | 0 |
_aVincent : _bcon amor / _cBrenda V. Northeast ; tr. Miguel Ángel Mendo |
| 250 | _a2a ed. | ||
| 260 |
_aBarcelona, Esp. : _bSerres, _c2001. |
||
| 300 |
_a[28] p. : _bprincipalmente il. col. |
||
| 534 |
_pTraducción de: _tFor the love of Vincent |
||
| 650 | 4 | _aPINTURA MODERNA | |
| 650 | 4 |
_aLibros y lectura para niños _92290 |
|
| 600 | 1 | 4 |
_aGOGH, VINCENT VAN, _d1853-1890 _9206 |
| 905 | _aInfantil | ||
| 999 |
_c102585 _d102585 |
||